Zen of graphics programming (Record no. 163821)

MARC details
000 -LEADER
fixed length control field 00361nam a2200145Ia 4500
008 - FIXED-LENGTH DATA ELEMENTS--GENERAL INFORMATION
fixed length control field 231217s9999 xx 000 0 und d
041 ## - LANGUAGE CODE
Language code of text/sound track or separate title English
082 ## - DEWEY DECIMAL CLASSIFICATION NUMBER
Classification number 005.43 ABR `R'
100 ## - MAIN ENTRY--PERSONAL NAME
Personal name Abrash, Michael
245 #0 - TITLE STATEMENT
Title Zen of graphics programming
250 ## - EDITION STATEMENT
Edition statement 1st ed.
260 ## - PUBLICATION, DISTRIBUTION, ETC.
Date of publication, distribution, etc. 1995
Name of publisher, distributor, etc. Comdex Computer Publ.
300 ## - PHYSICAL DESCRIPTION
Extent xxvii+712-8
942 ## - ADDED ENTRY ELEMENTS (KOHA)
Koha item type Books
Holdings
Date last seen Total checkouts Full call number Accession number Cost, total (INR) price Price effective from Category Public note Lost status Damaged status Department Withdrawn status Home library Current library Entry date Vendor Cost, normal purchase price Grants Billnumber Billdate Currency symbol Conversion rate Discount Old discount
26/01/2024   005.43 ABR `R' 7802 276.25 26/01/2024 Books Dept. of CS     Central Library   Central Library Central Library 14/12/1995 Mega Books 325.00 CS 703 31/03/1998 RS 1 48.75 15

© For any Suggestions or Query, please contact the library staff @ librarian@pes.edu or Phone: +9180 2672 1983/ 2108.